01008cam a2200265 i 450000100060000000300080000600500170001400800390003102000150007003500190008504000320010404100080013608200170014410000330016124501380019426000450033230000280037750400410040565000290044665000370047570000510051294200120056399900170057595201500059210214BD-RjUL20211208234920.0140123s1975 ii a b 000 0 eng a0333901282 a(BD-RjUL)10262 aDLCcDLCdDLCdBD-RjULbeng aeng00a547.139bRAA1 aRanganathan, Darshan.93156414aThe appreciation of molecular transformations in organic chemistry :ban introduction /cDarshan Ranganathan, Subramania Ranganathan. aDelhi :bMacmillan Co. of India,cc1975. a68 p. :bill. ;c22 cm. aIncludes bibliographical references. 0aMolecular theory.910799 0aPhysical organic chemistry.96351 aRanganathan, Subramania,ejoint author.931565 2ddccBK c10214d10214 00102ddc40718NFICaRUCLbRUCLcReadingd1980-01-09eIndia Int. Calcuttag16.00l0o547.139 RAA 1975r2014-01-23 00:00:00tC-1w2014-01-23yBK